| 000 | 00382pab a2200145 454500 | ||
|---|---|---|---|
| 008 | 180718b xxu||||| |||| 00| 0 eng d | ||
| 100 | _aDharmarajan C. | ||
| 245 | _aBureaucracy: administrative culture | ||
| 362 | _a22(7) 15 Apr 1993, p.27-8 | ||
| 650 | _a Civil Service | ||
| 650 | _a Administrative Culture | ||
| 650 | _aBureaucracy | ||
| 773 | _aDemocratic World | ||
| 909 | _a26622 | ||
| 999 |
_c26622 _d26622 |
||